Flagi wszystkich regionów Włoch - Statystyki

Ogólne statystyki
  • Ten quiz został rozwiązany 66 razy
  • Średni wynik to 8 z 20
Statystyki odpowiedzi
Obrazkowy Odpowiedź % Poprawnych
Kalabria
83%
Sardynia
75%
Sycylia
71%
Lacjum
69%
Molise
62%
Emilia Romania
58%
Apulia
44%
Lombardia
44%
Piemont
40%
Toskania
35%
Liguria
31%
Wenecja Euganejska
31%
Kampania
27%
Dolina Aosty
19%
Marche
17%
Trydent Górna Adyga
15%
Umbria
15%
Friuli Wenecja Julijska
13%
Abruzja
10%
Basilicata
2%
Nie znaleziono quizów pasujących do podanych kryteriów
Rozkład punktacji
Procent ludzi z każdym wynikiem
Percentyl według liczby udzielonych odpowiedzi
Twoja historia wyników
Nie rozwiązałeś tego quizu